书目信息 |
| 书名: | Sun power | |
| 作者: | by J.C. McVeigh. | |
| 分册号: | ||
| 分册名: | 出版地: | Oxford ; |
|
| 出版社: | Pergamon Press | |
| 出版时间: | c1983. | |
| 页数: | xii, 259 p. : | |
| 开本: | 24 cm. | |
| 丛书名: | Pergamon international library of science, technology, engineering and social studies | |
| 中图分类号: | ||
| 科图分类号: | ||
| 其他分类号: | TK519:H31 | |
| 主题词: | ||
| 电子资源: | ||
| 000 | 01050cam 22003130a 4504 | |
| 001 | E0730781308 | |
| 003 | CaOON | |
| 005 | 20070718081453.92 | |
| 008 | 030715s1983 enka b 0011 eng l | |
| 010 | @a82009852 | |
| 020 | @a0080261477 (pbk.) :@c$15.00. | |
| 020 | @a0080261485 (U.S.) :@c$40.00. | |
| 020 | @a0080261485 :@c$40.00. | |
| 020 | @a0080261477 (U.S. : pbk.) :@c$15.00. | |
| 040 | @aDLC@beng@cDLC@dCaOONL | |
| 050 | 00 | @aTJ810@b.M34 1983 |
| 082 | 0 | @a621.47 |
| 090 | @aU46/W3/1983 | |
| 090 | @aTK519:H31 | |
| 099 | @dTK519:H31@ex17=2 | |
| 100 | 1 | @aMcVeigh, J. C. |
| 245 | 10 | @aSun power :@ban introduction to the applications of solar energy / @cby J.C. McVeigh. |
| 250 | @a2nd ed. | |
| 260 | 0 | @aOxford ;@aNew York :@bPergamon Press,@cc1983. |
| 300 | @axii, 259 p. :@bill. ;@c24 cm. | |
| 440 | 0 | @aPergamon international library of science, technology, engineering and social studies. |
| 504 | @aIncludes bibliographical references and index. | |
| 650 | 0 | @aSolar energy. |
| 920 | @a232010@z2 | |
| Sun power : : an introduction to the applications of solar energy / / by J.C. McVeigh.-2nd ed.-Oxford ; ; New York : : Pergamon Press, , c1983. |
| xii, 259 p. : : ill. ; ; 24 cm.- (Pergamon international library of science, technology, engineering and social studies. ) |
| Includes bibliographical references and index. |
| ISBN 0080261477 (pbk.) :$15.00. |
| ● |
| 相关链接 |
|
|
|
|
正题名:Sun power
索取号:TK519:H31/x17=2
 
预约/预借
| 序号 | 登录号 | 条形码 | 馆藏地/架位号 | 状态 | 备注 |
| 1 | 136968 | 202459892 | 第四借阅区/ [索取号:TK519:H31/x17=2] | 在馆 | |
| 2 | 136971 | 202161659 | 第四借阅区/ [索取号:TK519:H31/x17=2] | 在馆 | |
| 3 | 136972 | 202201063 | 第四借阅区/ [索取号:TK519:H31/x17=2] | 在馆 |